|
|
|
|
| LEADER |
00000cam a22000004a 4500 |
| 001 |
musev2_4392 |
| 003 |
MdBmJHUP |
| 005 |
20230905040534.0 |
| 006 |
m o d |
| 007 |
cr||||||||nn|n |
| 008 |
110426s2011 mau o 00 0 eng d |
| 010 |
|
|
|z 2011015730
|
| 020 |
|
|
|a 9781613760048
|
| 020 |
|
|
|z 9781558498945
|
| 035 |
|
|
|a (OCoLC)794700476
|
| 040 |
|
|
|a MdBmJHUP
|c MdBmJHUP
|
| 043 |
|
|
|a n-us---
|
| 050 |
0 |
4 |
|a PS2954.U6
|b H63 2011
|
| 082 |
0 |
|
|a 813/.3
|2 22
|
| 100 |
1 |
|
|a Hochman, Barbara.
|
| 245 |
1 |
0 |
|a "Uncle Tom's Cabin" and the Reading Revolution :
|b Race, Literacy, Childhood, and Fiction, 1851-1911 /
|c Barbara Hochman.
|
| 264 |
|
1 |
|a Amherst :
|b University of Massachusetts Press,
|c 2011.
|
| 264 |
|
3 |
|a Baltimore, Md. :
|b Project MUSE,
|c 2012
|
| 264 |
|
4 |
|c ©2011.
|
| 300 |
|
|
|a 1 online resource (352 pages):
|b ill. ;
|
| 336 |
|
|
|a text
|b txt
|2 rdacontent
|
| 337 |
|
|
|a computer
|b c
|2 rdamedia
|
| 338 |
|
|
|a online resource
|b cr
|2 rdacarrier
|
| 490 |
0 |
|
|a Studies in print culture and the history of the book
|
| 504 |
|
|
|a Includes bibliographical references and index.
|
| 505 |
0 |
|
|a The afterlife of a book -- Uncle Tom's Cabin in the national era: recasting sentimental images -- Imagining black literacy: early abolitionist texts and Stowe's rhetoric of containment -- Legitimizing fiction: protocols of reading in Uncle Tom's Cabin -- Beyond piety and social conscience: Uncle Tom's Cabin as an antebellum children's book -- Sentiment without tears: Uncle Tom's Cabin as history in the wake of The Civil War -- Imagining the past as the future: illustrating Uncle Tom's Cabin for the 1890s -- Sparing the white child: the lessons of Uncle Tom's Cabin for children in an age of segregation -- Devouring Uncle Tom's Cabin: black readers between Plessy vs. Ferguson and Brown vs. Board of education.
|
| 588 |
|
|
|a Description based on print version record.
|
| 600 |
1 |
0 |
|a Stowe, Harriet Beecher,
|d 1811-1896.
|t Uncle Tom's cabin.
|
| 650 |
|
0 |
|a African Americans in literature.
|
| 650 |
|
0 |
|a Literature and society
|z United States
|x History
|y 19th century.
|
| 650 |
|
0 |
|a Books and reading
|z United States
|x History
|y 19th century.
|
| 655 |
|
7 |
|a Electronic books.
|2 local
|
| 710 |
2 |
|
|a Project Muse.
|e distributor
|
| 830 |
|
0 |
|a Studies in print culture and the history of the book.
|
| 830 |
|
0 |
|a Book collections on Project MUSE.
|
| 856 |
4 |
0 |
|z Texto completo
|u https://projectmuse.uam.elogim.com/book/4392/
|
| 945 |
|
|
|a Project MUSE - Custom Collection
|
| 945 |
|
|
|a Project MUSE - 2011 Complete
|
| 945 |
|
|
|a Project MUSE - 2011 Literature
|